Online
Catalog

La escuela mística crística : (Record no. 20301)

MARC details
000 -CABECERA
campo de control de longitud fija 00590nam a2200193 a 4500
001 - NÚMERO DE CONTROL
campo de control 000020797
005 - FECHA Y HORA DE LA ÚLTIMA TRANSACCIÓN
campo de control 20200930011152.0
008 - DATOS DE LONGITUD FIJA--INFORMACIÓN GENERAL
campo de control de longitud fija 100817s1981 ||| 000 0 spa d
040 ## - FUENTE DE LA CATALOGACIÓN
Centro catalogador/agencia de origen DO-SdBNP
Lengua de catalogación spa
Centro/agencia transcriptor BPJMB
041 17 - CÓDIGO DE LENGUA
Código de lengua del texto/banda sonora o título independiente spa
Código de lengua original ger
Fuente del código Código de idioma MARC
082 ## - NÚMERO DE LA CLASIFICACIÓN DECIMAL DEWEY
Número de clasificación 291.422
Número de documento/Ítem E74m
245 03 - MENCIÓN DE TÍTULO
Título La escuela mística crística :
Resto del título la escuela superior del espíritu.
260 ## - PUBLICACIÓN, DISTRIBUCIÓN, ETC.
Lugar de publicación, distribución, etc. [S.l. :
Nombre del editor, distribuidor, etc. s.n.],
Fecha de publicación, distribución, etc. 1981.
300 ## - DESCRIPCIÓN FÍSICA
Extensión 72 p. , ;
Dimensiones 22 cm.
490 1# - MENCIÓN DE SERIE
Mención de serie Vida universal
Designación de volumen o secuencia 88
650 #4 - PUNTO DE ACCESO ADICIONAL DE MATERIA--TÉRMINO DE MATERIA
Término de materia o nombre geográfico como elemento de entrada Misticismo
9 (RLIN) 14358
650 #4 - PUNTO DE ACCESO ADICIONAL DE MATERIA--TÉRMINO DE MATERIA
Término de materia o nombre geográfico como elemento de entrada Escuelas parroquiales
9 (RLIN) 43587
830 #0 - PUNTO DE ACCESO ADICIONAL DE SERIE-TÍTULO UNIFORME
Título uniforme Vida universal ;
Designación de volumen o secuencia 88
9 (RLIN) 43588

No items available.

Powered by Koha